000 00931nam a22002897a 4500
001 BR9101992
003 BR-BrBNA
005 20230928093555.0
007 ta
008 230509b bl.||||| |||| 00| 0 por d
040 _aBR-BrBNA
_bpor
_cBiblioteca Nacional de Agricultura
041 _a(Por)
072 _aE11
_b/G514
090 _ E11 BR9101992
100 1 _aZanata, O.
110 1 _aConselho Nacional de Desenvolvimento Cientifico e Tecnologico, Brasilia, DF (Brasil);
110 1 _aFundacao Petronio Portella, Brasilia, DF (Brasil)
_95018
245 1 _aO INCRA e as terras publicas [Instituto Nacional de Colonizacao e Reforma Agraria]
_bLeituras escolhidas em direito agrario
260 3 _aBrasilia, DF (Brasil):
_c1983.
300 _a14 p.
650 _aTERRA DEVOLUTA
650 _aCOLONIZACAO
650 _aINSTITUICAO AGRICOLA
650 _aAMAZONIA
909 _a202309
_bLucia
_c55
_dLucia Elande
942 _cBK
999 _c45784
_d45784